• 首页
  • 本馆介绍
  • 公告通知
  • 最新文献
  • 馆藏检索
  • 电子资源
  • 读者导购
  • 参考咨询
  • 我的图书馆
  • 登录
  • 详细信息显示
  • 放入我的书架
  • 预约/预借图书
  • 作者相关作品
  • 分类相关作品
  • 丛书相关作品
  • 出版社相关作品

书目信息

  • 表格格式
  • 工作单格式
  • 卡片格式
题名:
大众文化与当代乌托邦
    
 
作者: 陈刚
分册:  
出版信息: 北京   作家出版社  35309
页数: 163页
开本: 20cm
丛书名:
单 册:
中图分类: G24
科图分类:
主题词: 群众文化--文化事业
电子资源:
ISBN: 7-5063-1048-1
000 00516nam0 2200181 450
001 0728815141
005 20070819080015.14
010    @a7-5063-1048-1@d¥12.50
100    @a20070819d km y0chiy0120 ea
101 0  @achi
200 1  @a大众文化与当代乌托邦@Ada zhong wen hua yu dang dai wu tuo bang@f陈刚@Fchen gang
210    @a北京@c作家出版社@d35309
215    @a163页@d20cm
606 0  @a群众文化@x文化事业
690    @aG24@v3
701  0 @a陈刚@Achen gang
801  0 @aCN@bPFT@c20070819
905    @a213230@dG24@eZW27@f1
    
    大众文化与当代乌托邦/陈刚.-北京:作家出版社,35309
    163页;20cm
    
    
    ISBN 7-5063-1048-1:¥12.50
    
●
相关链接 在E读中查询图书 在五车中查询图书 在当当中查询图书 在豆瓣中查询图书


正题名:大众文化与当代乌托邦     索取号:G24/ZW27         预约/预借

序号 登录号 条形码 馆藏地/架位号 状态 备注
1 7612478   276124784   密集书库-文学院/ [索取号:G24/ZW27] 在馆    
2 7612479   276124793   密集书库-文学院/ [索取号:G24/ZW27] 在馆    
唐山师范学院图书馆 欢迎您!
大连网信软件有限公司© 版权所有